000 00348nam a22001457a 4500
008 210311b ||||| |||| 00| 0 eng d
020 _a2906661605289
041 _aeng
080 _27
_a610.73
082 _27
_a610.73
100 _a1
101 _aINF
245 _aFundamentals of Nursing Human Health and Function
_cCraven,R
942 _2udc
_cBK
999 _c56286
_d56286